| 000 | 02086cam a22004454i 4500 | ||
|---|---|---|---|
| 003 | PE-LiUPU | ||
| 005 | 20250731165358.0 | ||
| 008 | 150917s2007 pe grm 000 0 spa d | ||
| 035 | _a(Sirsi) a154464 | ||
| 040 |
_aPE-LiUPU _bspa _cPE-LiUPU _erda |
||
| 099 |
_aTE 3 _bC17 2007 |
||
| 100 | 1 |
_aCajavilca Salinas, Juan Teobaldo _eautor |
|
| 245 | 1 |
_aPráctica en la comunidad: Su influencia en la formación docente del practicante de la Universidad Nacional de Educación Enrique Guzmán y Valle / _cJuan Teobaldo Cajavilca Salinas. |
|
| 264 | 0 | _c2007. | |
| 300 |
_a189 hojas _c31 cm |
||
| 336 |
_atext _2rdacontent |
||
| 337 |
_aunmediated _2rdamedia |
||
| 338 |
_avolume _2rdacarrier |
||
| 502 |
_aTesis _b(Mg.) -- _cUniversidad Peruana Unión, _d2007. |
||
| 504 | _aIncluye referencias | ||
| 520 | 3 | _aLa investigación ha quedado orientada al estudio y análisis sobre la relación entre la práctica en la comunidad y la formación del practicante de la Universidad Nacional de Educación Enrique Guzmán y Valle, atendiendo el problema principal: ¿como se relaciona la práctica en la comunidad con la formación docente, pedagógica y humana del practicante?. El objetivo general de la investigación es evaluar cómo se relaciona la practica en la comunidad con la formación del practicante, en correspondencia a la hipótesis principal: la practica en la comunidad se relaciona significativamente con la formación docente del practicante de la Universidad Nacional de Educación Enrique Guzmán y Valle. | |
| 526 | _aSEG44 | ||
| 526 | _aSEG26 | ||
| 526 | _aP151 | ||
| 526 | _aP150 | ||
| 526 | _aP149 | ||
| 526 | _aP146 | ||
| 526 | _aP145 | ||
| 526 | _aP126 | ||
| 526 | _aP125 | ||
| 526 | _aP92 | ||
| 526 | _aP75 | ||
| 526 | _aP74 | ||
| 526 | _aP27 | ||
| 526 | _aP15 | ||
| 650 | 0 | 4 |
_aEducadores _xPrácticas profesionales _zPerú _vTesis. |
| 596 | _a1 | ||
| 942 |
_2ddc _cTESIS |
||
| 999 |
_aTE 3 C17 2007 _wALPHANUM _c7166 _iT01007 _lCCODEBUL3 _mBUL _r1 _sY _tTESIS _u2015-9-17 _xPOSGRADO _PP57 _o.STAFF. Tesis _d7166 |
||
| 980 |
_81 _gALBERTO SANCHEZ Responsable de Automatización |
||